Statistics for 1M Countries that have never had freezing temperatures

Click here to take the quiz!

General Stats

  • This quiz has been taken 45 times
  • The average score is 22 of 33

Answer Stats

Coldest temp. Answer % Correct
1.4Guinea
83%
9.8Togo
80%
2.8Nigeria
80%
16Benin
80%
5Sierra Leone
78%
4.4Gambia
78%
8.9Congo
78%
5Burkina Faso
76%
4.4liberia
76%
7Guinea-Bissau
76%
18.9Singapore
73%
6Ivory Coast
73%
10Gabon
73%
6.7Ghana
71%
4.2Senegal
71%
0.5Mali
71%
2Panama
68%
1Haiti
68%
3.1Central African Republic
68%
1Mauritania
66%
0Dominican Republic
66%
8Equatorial Guinea
66%
1.3Qatar
63%
0.7Jamaica
63%
0.6Cuba
63%
3.6South Sudan
61%
2.8Bahrain
59%
5.5Nicaragua
54%
7.1Cambodia
44%
15Trinidad and Tobago
44%
1.1Bangladesh
41%
6.5Mauritius
37%
1East Timor
34%

Score Distribution

Percentile by Number Answered

Percent of People with Each Score

Your Score History

You have not taken this quiz